Avances en calidad de carne de ovinos, caprinos, porcinos y aves. Avances en bienestar animal implicancias de la alimentación, la genética y el manejo /
Guardado en:
| Autor Principal: | |
|---|---|
| Autor Corporativo: | |
| Formato: | Electrónico |
| Idioma: | Spanish |
| Publicado: |
Anguil :
Ediciones INTA,
2013.
|
| Series: | Publicación técnica ;
no. 93, |
| Materias: | |
| Acceso en línea: | Acceso a texto completo |
| Etiquetas: |
Agregar Etiqueta
Sin Etiquetas, Sea el primero en etiquetar este registro!
|
| LEADER | 00840nmm a22001575a 4500 | ||
|---|---|---|---|
| 001 | EEA.libagro010214 | ||
| 008 | 140508s2013####ag##################spa#d | ||
| 005 | 20200423131530.0 | ||
| 245 | 1 | 0 | |a Avances en calidad de carne de ovinos, caprinos, porcinos y aves. Avances en bienestar animal |h [recurso electrónico] : |b implicancias de la alimentación, la genética y el manejo / |c editor: Aníbal Pordomingo. |
| 260 | |a Anguil : |b Ediciones INTA, |c 2013. | ||
| 490 | 1 | |a Publicación técnica ; |v no. 93, |x 0325-2132 | |
| 538 | |a Modo de acceso: World Wide Web. | ||
| 100 | 1 | |a Pordomingo, Aníbal J. | |
| 710 | 2 | |a Instituto Nacional de Tecnología Agropecuaria (Argentina). |b Estación Experimental Agropecuaria Anguil. | |
| 655 | 7 | |a Libros electrónicos. | |
| 856 | 4 | 0 | |3 Acceso a texto completo |u http://inta.gob.ar/sites/default/files/script-tmp-inta%5Fcarne%5Frumiantes.pdf |
